Представление документа в формате RUSMARC

ПолеНазваниеЗначение
  Тип записи a
  Библиографический уровень a
001 Контрольный номер RU/CBS_UL/BASE/562867490
005 Дата корректировки 20240209175217.9
100 Данные общей обработки __
a Данные общей обработки 20171101d2017 ||| 0rusy0189 ca
101 Язык документа 0_
a Язык текста rus
102 Страна публикации __
a Страна публикации RU
105 Кодированные данные (монография) __
a Кодированные данные (монография) y###||||000|y
200 Заглавие и сведения об ответственности 1_
a Заглавие "Счастливый человек"
b Общее обозначение материала Текст
e Сведения, относящиеся к заглавию [статья о жизни и любви актера Александра Пороховщикова]
f Первые сведения об ответственности Н. Корнеева
300 Общие примечания __
a Общие примечания Ограничения по возрасту -16+
461 Уровень набора _0
1 2000
a Гала Биография
463 Уровень физической единицы _0
1 001RU/CBS_UL/BASE/562866256
1 2000
a № 11
v С. 30-46
1 210
d 2017
600 Персоналии _0
a Персоналии (Фамилия) Пороховщиков
b Персоналии (Имя, инициалы) А.
606 Тематические рубрики 0_
a Основная рубрика Актеры - Российская Федерация
610 Ключевые слова 0_
a Ключевые слова знаменитые актеры
610 Ключевые слова 0_
a Ключевые слова российские актеры
610 Ключевые слова 0_
a Ключевые слова актеры кино
610 Ключевые слова 0_
a Ключевые слова актеры театра
686 Индексы других классификаций __
a Классификационный индекс 85.374(2)
2 Код системы ББК
700 Автор _1
a Фамилия Корнеева
b Имя (инициалы) Н.
801 Источник записи _0
a Страна RU
b Организация МБУК ЦБС г. Ульяновска
c Дата составления 20171101
g Правила каталогизации RCR
801 Источник записи _1
a Страна RU
b Организация МБУК ЦБС г. Ульяновска
c Дата составления 20171101
g Правила каталогизации RCR
901 Тип документа __
t Тип документа b
w Контрольный № источника RU/CBS_UL/BASE/562866256
910 Корректоры записи __
a Корректор записи Библиотека 7
938 Служебная информация __
a Имя БД period